=LDR 00000nam 2200000 4500 =001 INLIS000000000047499 =005 20151215115432.0 =006 =007 =008 =035 ##$$0010-121500000000040 =082 ##$$a 158-Rei-m =100 ##$$a William j. Reilly,Ph.d =245 ##$$a Mencapai cita-cita =250 ##$$a Cet. 1 =260 ##$$a Jakarta $b Mitra Utama $c 1990 =300 ##$$a xx,223 Hlm $c 20 Cm =850 ##$$aNBPNMAT =990 ##$$a 0001/BPAP-NTB/2015